| 000 | 01021nam a22002537a 4500 | ||
|---|---|---|---|
| 003 | OSt | ||
| 005 | 20250823062518.0 | ||
| 008 | 241010b |||||||| |||| 00| 0 eng d | ||
| 040 | _c0 | ||
| 082 | _aDPer 613.705 J826 January-December 2020 v. 91 n. 1-9 | ||
| 100 |
_aKim, Insook. _eauthor. _962763 |
||
| 245 |
_aTeaching pickleball with in-depth content knowledge in middle school physical education / _cInsook Kim, Daekyun Oh, Mijoo Kim, and Kyuil Cho. |
||
| 260 |
_aVirginia ; _bAmerican Alliance for Health , _cOctober 2020. |
||
| 300 |
_aVolume 91, pages 29-38 : _billustration ; _c28 cm. |
||
| 500 | _aThe Journal of Physical Education Recreation & Dance, vol. 91, no. 8, pages 29-38, October 2020. | ||
| 650 | 0 |
_aPsychomotor skills. _966977 |
|
| 650 | 0 |
_aMiddle schools. _947974 |
|
| 650 | 0 |
_aRacquet sports. _966988 |
|
| 700 |
_aKim, Insook. _eauthor. _959907 |
||
| 700 |
_aOh, Daekyun. _eauthor. _966989 |
||
| 700 |
_aKim, Mijoo. _eauthor. _966990 |
||
| 700 |
_aCho, Kyuil. _eauthor. _959735 |
||
| 942 |
_2ddc _cPER |
||
| 999 |
_c22468 _d22468 |
||